000 01067nam a22002897a 4500
001 BD-DhSAU 9032
003 BD-DhSAU
005 20190515143651.0
008 150612b2017 bg a||||r|||| 000 0 eng d
040 _aBD-DhSAU
082 _222
_a634.9
_bM2788
100 _a Mahmud , Md. Khalid
_4Reg. No.16-07574
245 _aInteractive effect of Nitrogen and Phosphorus on growth and yield of Chili (Capsicum annuum L.) in Rooftop garden / Ms Thesis
_c Mahmud , Md. Khalid
260 _aSher-e- Bangla Agricultural University :
_bDepartment of Agroforestry and Environmental Science,
_c2017,
300 _axi, 71 p. :
_bill. ,
_c30 cm.
504 _aIncludes references.
590 _aShofi
650 _aAgroforestry
650 _aNitrogen
650 _aPhosphorus
650 _aChili (Capsicum annuum L.)
650 _aRooftop garden
700 _aHossain, Md. Forhad
_eSupervisor
700 _a Hossain , Md. Kausar
_eCo-Supervisor
856 _uhttp://archive.saulibrary.edu.bd:8080/xmlui/handle/123456789/2341
_yOnline Access
942 _2ddc
_cTHESIS
999 _c14639
_d14638